000 00751nam a2200217 u 4500
001 000034594
005 20200930073803.0
008 111010s2003 ag a 000 0 spa d
020 _a9875503215
040 _aDO-SdBNP
_bspa
_cBNPHU
082 _axxxx
_bxxxx
100 1 _aKhayyam, Omar
_960033
245 1 4 _aLos Rubaiyat /
_cOmar Khayyam ; prólogo Paramahansa Yogananda ; traducción Mario Alarcón.
260 _aBuenos Aires, :
_bLongseller,
_c2003.
300 _a165 p. :
_bil. ;
_c18 cm.
490 1 _aClásicos de siempre
504 _aIncluye referencias bibliográficas y notas al pie de las páginas
700 1 _aYogananda, Paramahansa,
_epról.
_948697
700 1 _aAlarcón, Mario,
_etr.
_960034
830 0 _aClásicos de siempre
_960025
999 _c34085
_d34085